<?xml version="1.0" encoding="UTF-8"?>
<record
    xmlns:xsi="http://www.w3.org/2001/XMLSchema-instance"
    xsi:schemaLocation="http://www.loc.gov/MARC21/slim http://www.loc.gov/standards/marcxml/schema/MARC21slim.xsd"
    xmlns="http://www.loc.gov/MARC21/slim">

  <leader>02427nam a22003134a 4500</leader>
  <controlfield tag="003">BOLpUSFA</controlfield>
  <controlfield tag="005">20220622205702.0</controlfield>
  <controlfield tag="008">      t        bo     grm    001 u spa u</controlfield>
  <datafield tag="040" ind1=" " ind2=" ">
    <subfield code="a">BOLpUSFA</subfield>
  </datafield>
  <datafield tag="041" ind1=" " ind2=" ">
    <subfield code="a">spa</subfield>
  </datafield>
  <datafield tag="044" ind1=" " ind2=" ">
    <subfield code="a">BO</subfield>
  </datafield>
  <datafield tag="082" ind1=" " ind2=" ">
    <subfield code="a">PSI0087</subfield>
    <subfield code="b">C754s T</subfield>
  </datafield>
  <datafield tag="100" ind1=" " ind2=" ">
    <subfield code="a">Condori Medina, Mar&#xED;a Rosa</subfield>
  </datafield>
  <datafield tag="245" ind1=" " ind2=" ">
    <subfield code="a">Sistema de creencias familiares y su relaci&#xF3;n con los estilos de afrontamiento en una familia aymara</subfield>
  </datafield>
  <datafield tag="260" ind1=" " ind2=" ">
    <subfield code="a">La Paz: </subfield>
    <subfield code="b">Universidad Privada San Francisco de As&#xED;s, Carrera de Psicolog&#xED;a,</subfield>
    <subfield code="c">2016</subfield>
  </datafield>
  <datafield tag="300" ind1=" " ind2=" ">
    <subfield code="a">74 p. </subfield>
    <subfield code="b">Tapa dura</subfield>
    <subfield code="c">29 cm. </subfield>
  </datafield>
  <datafield tag="502" ind1=" " ind2=" ">
    <subfield code="a">Tesis de Grado presentada para optar el Grado Acad&#xE9;mico de Licenciado en Psicolog&#xED;a - Universidad Privada San Francisco de As&#xED;s, La Paz, 2016. - Tutor: Ren&#xE9; Javier Calder&#xF3;n M&#xE9;ndez</subfield>
  </datafield>
  <datafield tag="520" ind1=" " ind2=" ">
    <subfield code="a">A partir de considerar al pueblo originario aymara, en su unidad relacional fundamental, la familia, y como parte de un sistema de creencias, es que la presente investigaci&#xF3;n desde el enfoque relacional sist&#xE9;mico (que toma en cuenta el aporte del modelo cognitivo comportamental y del modelo sist&#xE9;mico), se orienta al estudio cient&#xED;fico de su sistema de creencias (roles, jerarqu&#xED;as, y subsistemas) as&#xED; como de sus estilos y estrategias de afrontamiento. Caracterizando sus singularidades en cuanto a sistema din&#xE1;mico.

Teniendo en cuenta el enfoque cualitativo, el trabajo se constituye en un dise&#xF1;o descriptivo, cuya informaci&#xF3;n se levanta a partir de la selecci&#xF3;n de una familia aymara residente en el Distrito No. 12 de la ciudad de El Alto.

Evaluando la interrelaci&#xF3;n entre el sistema de creencias y el afrontamiento, en los miembros de la familia aymara considerada, para llegar a formular las bases de un modelo de asesoramiento e intervenci&#xF3;n familiar.

De esta manera, a nivel conclusivo se ha determinado la solidez del v&#xED;nculo relacional, con una marcada tendencia a persistir a trav&#xE9;s del tiempo, la reciprocidad entre sus miembros, el respeto a la figura de autoridad, en un entorno jerarquizado patrilocal. Siendo el modelo vigente para la cultura aymara el de la familia nuclear.


</subfield>
  </datafield>
  <datafield tag="650" ind1=" " ind2=" ">
    <subfield code="a">Psicolog&#xED;a</subfield>
  </datafield>
  <datafield tag="650" ind1=" " ind2=" ">
    <subfield code="a">Familia</subfield>
  </datafield>
  <datafield tag="650" ind1=" " ind2=" ">
    <subfield code="a">Psicolog&#xED;a sist&#xE9;mica</subfield>
  </datafield>
  <datafield tag="650" ind1=" " ind2=" ">
    <subfield code="a">Aymara</subfield>
  </datafield>
  <datafield tag="651" ind1=" " ind2=" ">
    <subfield code="a">El Alto, La Paz,</subfield>
  </datafield>
  <datafield tag="653" ind1=" " ind2=" ">
    <subfield code="a">Familia </subfield>
  </datafield>
  <datafield tag="653" ind1=" " ind2=" ">
    <subfield code="a">Creencias familiares </subfield>
  </datafield>
  <datafield tag="653" ind1=" " ind2=" ">
    <subfield code="a">Enfoque cognitivo conductual</subfield>
  </datafield>
  <datafield tag="942" ind1=" " ind2=" ">
    <subfield code="2">ddc</subfield>
    <subfield code="c">TE</subfield>
    <subfield code="z">JC; SHS</subfield>
  </datafield>
  <datafield tag="999" ind1=" " ind2=" ">
    <subfield code="c">751</subfield>
    <subfield code="d">751</subfield>
  </datafield>
  <datafield tag="952" ind1=" " ind2=" ">
    <subfield code="0">0</subfield>
    <subfield code="1">0</subfield>
    <subfield code="2">ddc</subfield>
    <subfield code="4">0</subfield>
    <subfield code="7">0</subfield>
    <subfield code="8">2</subfield>
    <subfield code="a">BLP</subfield>
    <subfield code="b">BLP</subfield>
    <subfield code="c">3</subfield>
    <subfield code="d">2019-12-27</subfield>
    <subfield code="e">4</subfield>
    <subfield code="l">0</subfield>
    <subfield code="o">PSI0087 C754s T</subfield>
    <subfield code="p">2019-0759</subfield>
    <subfield code="r">2019-12-27</subfield>
    <subfield code="w">2019-12-27</subfield>
    <subfield code="y">TE</subfield>
  </datafield>
</record>
